000 00471cam a2200181ua 4500
020 _c24.00
041 _aeng
_h
082 _a537
_bMAX/ TR
100 _aMaxwell, James clerk .
245 _aTreatise on electricity and magnetism, vol.l /
_cJames clerk Maxwell.
_hTextual Documents
250 _a3 /
_b.
260 _aNew York :
_bDover Publications ,
_c1954.
300 _a506 ; .
365 _a24.00
504 _a
942 _cBK
999 _c2223
_d2223